LEADER 00981nam0-22003011i-450- 001 990007042180403321 005 20020206 035 $a000704218 035 $aFED01000704218 035 $a(Aleph)000704218FED01 035 $a000704218 100 $a20020206d1950----km-y0itay50------ba 101 0 $aita 102 $aIT 105 $ay-------001yy 200 1 $aSul problema sistematico esterno di un diritto dei culti nei territori extrametropolitani$fMario Gorino-Causa 210 $aTorino$cGiappichelli$d1950 215 $a79 p.$d24 cm 225 1 $aMemorie dell'Istituto giuridico$fUniversità di Torino$iSerie 2$v67 676 $a291.43$v20$zita 700 1$aGorino-Causa,$bMario$0258144 801 0$aIT$bUNINA$gRICA$2UNIMARC 901 $aBK 912 $a990007042180403321 952 $aUNIVERSITÀ 17 (67)$b31555$fFGBC 959 $aFGBC 996 $aSul problema sistematico esterno di un diritto dei culti nei territori extrametropolitani$9707670 997 $aUNINA LEADER 02546nam 2200589Ia 450 001 9910144316103321 005 20170815153205.0 010 $a1-282-11208-2 010 $a9786612112089 010 $a0-470-06669-5 010 $a0-470-06670-9 035 $a(CKB)1000000000376419 035 $a(EBL)470376 035 $a(OCoLC)609849216 035 $a(SSID)ssj0000354567 035 $a(PQKBManifestationID)11295338 035 $a(PQKBTitleCode)TC0000354567 035 $a(PQKBWorkID)10315310 035 $a(PQKB)11517297 035 $a(MiAaPQ)EBC470376 035 $a(EXLCZ)991000000000376419 100 $a20740624d1985 uy 0 101 0 $aeng 135 $aur|n|---||||| 181 $ctxt 182 $cc 183 $acr 200 00$aOrganic reaction mechanisms$b[electronic resource] $ean annual survey covering the literature dated December 1982 through November 1983$i1983 /$fedited by A. C. Knipe and W. E. Watts 210 $aNew York $cJohn Wiley & Sons$d1985 215 $a1 online resource (601 p.) 225 1 $aOrganic Reaction Mechanisms Series ;$vv.91 300 $a"An Interscience publication." 311 $a0-471-90503-8 327 $aORGANIC REACTION MECHANISMS . 1983; Contents; 1. Reactions of Aldehydes and Ketones; 2. Reactions of Acids and their Derivatives; 3. Radical Reactions; 4. Radical Reactions 2; 5. Oxidation and Reduction; 6. Carbenes and Nitrenes; 7. Nucleophilic Aromatic Substitution; 8. Electrophilic Aromatic Substitution; 9. Carbocations; 10. Nucleophilic Aliphatic Substitution; 11. Carbanions and Electrophilic Aliphatic Substitution; 12. Elimination Reactions; 13. Addition Reactions-1. Polar Addition; 14. Addition Reactions-2. Cycloaddition; 15. Molecular Rearrangements; Author Index; Subject Index 330 $aThis, the 19th volume in the series, follows the same format as the preceding volumes, in surveying the research on organic reaction mechanisms described in the literature dated December 1982 to November 1983. 410 0$aOrganic Reaction Mechanisms Series 606 $aChemistry, Organic$vPeriodicals 606 $aChemistry$vPeriodicals 608 $aElectronic books. 615 0$aChemistry, Organic 615 0$aChemistry 676 $a547.1 676 $a547.139 701 $aKnipe$b A. C$0854345 701 $aWatts$b W. E$095643 801 0$bMiAaPQ 801 1$bMiAaPQ 801 2$bMiAaPQ 906 $aBOOK 912 $a9910144316103321 996 $aOrganic reaction mechanisms$91910006 997 $aUNINA